00377pab a2200145 454500008004000000100002200040245005100062260000900113300001600122362001100138650001800149650001000167700002000177773003400197180718b2007 xxu||||| |||| 00| 0 eng d aDasgupta, Rajaram aBanking and financial policy: independent view c2007 ap.1196-200. a31 Mar aBanks - India aBanks aPaul, M. Thomas aEconomic and Political Weekly